01390cam a22003977a 4500003000500000005001700005008004100022010001000063011001000073020001500083035001000098040000900108082002000117110000800137245012300145260002400268300003900292410000800331490004000339590004100379590004100420590004100461590004100502590004200543650001800585700002900603700003200632810000800664830004700672901000700719905002300726942001000749949007800759999001700837952013800854CHAP20220817043444.0980622d1996 it a r 00110 eng d a75788 a76760 a9251039216 a86349 cCHAP04a639.2bF3 v.3652 aFAO10aStatus of interactions of Pacific tuna fisheries in 1995c/by Richard S. Shomura, Jacek Majkowski and Robert F. Harman aRome :bFAO,c1996. a612 p. :bilus. ; gráfs. ; mapas21aFAO 0aDocumento técnico de pescav; 365 aBATCH-UPDb10c20130110lUCH01h0554 aBATCH-UPDb10c20130110lUCH01h2249 aBATCH-UPDb10c20130410lUCH01h0236 aBATCH-UPDb10c20130914lUCH01h0427 aCONVERSIONb10c20130109lUCH01h134114aAtún.9826502aHarman, Robert F.95275402aShomura, Richard S.91057330 aFAO00aDocumento técnico de pescav; 365933242 aBK aLilia Sánchez G. cLIBRO a639.2 F3 v.365bBCcFAOd33724000694295eFAO1h93478i86349kDonaciØnsb c75788d75788 00104053708FAOaBCbBCcPP_FAOd2019-12-31fLIBROi127l0o639.2 F3 v.365p33724000694295r2019-12-31 00:00:00w2019-12-31yLIBRO